WORK and occupational psychology: integrating theory and practice

Bewaard in:
Bibliografische gegevens
Formaat: Boek
Taal:Engels
Gepubliceerd in: Sage Publications, 2013.
Tags: Voeg label toe
Geen labels, Wees de eerste die dit record labelt!

MARC

LEADER 00000nam a22000007a 4500
008 210528b ||||| |||| 00| 0 eng d
020 |a 978-1-44626-070-8 
245 |a WORK and occupational psychology:   |b integrating theory and practice  |c Rachel Lewis and Lara Zibarras.  |g xviii, 474p. ; ill. 
250 |c Rachel Lewis and Lara Zibarras. 
260 |b  Sage Publications,  |c  2013.  |h Los Angeles:  |i 693202   |i 693239   |l HF5548.8 .W89  |m Psychology, industrial. 
500 |a “It includes references and index”. 
942 |a lcc  |c BK  |e deniran, F. A.  |f 28/05/2021 
952 |0 0  |1 0  |2 lcc  |4 0  |6 HF55488 W89  |7 0  |9 2483  |a HOL  |b SSL  |c GJ  |d 2021-05-28  |l 0  |o HF5548.8 .W89  |p 2021-6335  |r 2021-05-28 00:00:00  |w 2021-05-28  |y BK 
952 |0 0  |1 0  |2 lcc  |4 0  |6 HF55488 W89  |7 0  |9 2484  |a HOL  |b HOL  |c GJ  |d 2021-05-28  |l 0  |o HF5548.8 .W89  |p 2021-6336  |r 2021-05-28 00:00:00  |w 2021-05-28  |y BK 
999 |c 1293  |d 1293